El significado en las artes visuales (Record no. 557)

MARC details
000 -LEADER
campo de control de longitud fija 01189nam a22001577a 4500
008 - DATOS DE LONGITUD FIJA--INFORMACIÓN GENERAL
campo de control de longitud fija 150430b xxu||||| |||| 00| 0 eng d
020 ## - NÚMERO INTERNACIONAL ESTÁNDAR DEL LIBRO
Número Internacional Estándar del Libro 8420679216
082 ## - NÚMERO DE LA CLASIFICACIÓN DECIMAL DEWEY
Número de clasificación 700
Número de ítem P 195s
100 ## - ENTRADA PRINCIPAL--NOMBRE DE PERSONA
Nombre de persona Panofsky, Erwin
9 (RLIN) 2536
245 ## - MENCIÓN DEL TÍTULO
Título El significado en las artes visuales
Mención de responsabilidad, etc. Panofsky, Erwin
260 ## - PUBLICACIÓN, DISTRIBUCIÓN, ETC.
Lugar de publicación, distribución, etc. España
Nombre del editor, distribuidor, etc. Alianza Editorial
Fecha de publicación, distribución, etc. 1998
300 ## - DESCRIPCIÓN FÍSICA
Extensión 386 p.
Otras características físicas ill.
Dimensiones 14.5x23 cm
505 ## - NOTA DE CONTENIDO CON FORMATO
Título La historia del arte en cuanto disciplina humanística.
-- Iconografia e iconologia: Introducción al estudio del arte del Renacimiento.
-- La historia de la teoría de las proporciones humanas como reflejo de la historia de los estilos.
-- El abad Suger de Saint-Denis.
-- La "Alegoria de la Prudencia" de Ticiano: Post scriptum.
-- La primera pagina del libro de Giorgio Vasari. Apendice: Dos proyectos de fachada de Domenico Beccafumi y el problema del manierismo en la Arquitectura.
-- Alberto Durero y la Antigüedad clásica. Apendice: Las ilustraciones de las "Inscriptiones" de Apianus en relación con Durero.
-- "Et in Arcadia ego": Poussin y la tradición elegiaca.
-- Tres decenios de historia del arte en los Estados Unidos.
650 ## - PUNTO DE ACCESO ADICIONAL DE MATERIA--TÉRMINO DE MATERIA
Subdivisión general Arte
-- Arte-critica y apreciación
9 (RLIN) 2537
700 ## - ENTRADA AGREGADA--NOMBRE PERSONAL
Nombre de persona Panofsky, Erwin
9 (RLIN) 2538
Holdings
Estatus retirado Estado de pérdida Fuente del sistema de clasificación o colocación Estado de daño No para préstamo Biblioteca de origen Biblioteca actual Ubicación en estantería Fecha de adquisición Total de préstamos Signatura topográfica completa Código de barras Visto por última vez Precio de reemplazo Tipo de ítem Koha
    Clasificación Decimal Dewey     Biblioteca LadoV Biblioteca LadoV   30/04/2015   700 P 195s 000386 30/04/2015 30/04/2015 Material 01